000 01180nam a22003377a 4500
001 727
005 20230718155454.0
008 230704b cb ||||| |||| 00| 0 eng d
020 _a0590446827
020 _a0590446835 (pb)
040 _aDLC
_cDLC
_dDLC
_beng
050 0 0 _aTK148
_b.C57 1997
082 0 0 _a621.3
_221
100 1 _aCole, Joanna.
245 1 4 _aThe magic school bus and the electric field trip /
_cby Joanna Cole ; illustrated by Bruce Degen.
250 _a1st ed.
260 _aNew York :
_bScholastic ,
_c1997.
300 _a48 pages :
_bcolor illustrations ;
_c22 x 26 cm.
490 _aThe magic school bus
505 _aR
520 _aMs. Frizzle takes her class on a field trip through the town's electrical wires so they can learn how electricity is generated and how it is used.
521 _a720
_bLexile
521 _aR
_bRaz-Plus
650 0 _aElectric power
_xJuvenile literature.
650 0 _aElectric power distribution
_xJuvenile literature.
650 1 _aElectricity.
650 1 _aElectric power.
700 1 _aDegen, Bruce,
_eillustrator.
906 _a7
_bcbc
_corignew
_d1
_eocip
_f19
_gy-gencatlg
942 _2ddc
_cBK
_n0
999 _c727
_d727